Ville les plus peuplées de l'Orne - Statistiques

Statistiques générales
  • Ce quiz a été pris 131 fois
  • Le résultat moyen est 9 sur 20
Statistiques - réponses
Hint Réponse % Correct
26028 Alencon
100%
13658 Argentan
93%
14051 Flers
83%
7917 L'Aigle
70%
3903 Mortagne au Perche
70%
4013 Sées
62%
5244 La Ferté macé
59%
4187 Domfront
54%
2628 Bagnoles de l'Orne
43%
3171 Vimoutiers
37%
1770 Gacé
36%
1671 Bellême
31%
5035 Tinchebray
25%
2702 Damigny
19%
4296 Athis de l'Orne
18%
2893 Condé sur Sarthe
17%
1955 Messei
15%
3934 Saint germain du Corbéis
13%
3403 Saint Georges des groseillers
11%
1747 Ceton
8%
Aucun quiz correspondant
Distribution des résultats
% des personnes avec chaque résultat
Percentile par nombre de réponses
Votre historique - résultats
Vous n’avez pas pris ce quiz